[Event "USA-ch"]
[Site "Seattle"]
[Date "2003.01.17"]
[Round "8"]
[White "Christiansen, Larry Mark"]
[Black "Muhammad, Stephen A"]
[Result "1-0"]
[WhiteElo "2566"]
[BlackElo "2368"]
[Annotator "Wedberg,T"]
[PlyCount "65"]
[EventDate "2003.01.09"]
[EventType "swiss"]
[EventRounds "9"]
[EventCountry "USA"]
[SourceTitle "CBM 093"]
[Source "ChessBase"]
[SourceDate "2003.04.01"]
[SourceVersion "1"]
[SourceVersionDate "2003.04.01"]
[SourceQuality "1"]

1. e4 e5 2. Nf3 Nc6 3. Bb5 a6 4. Ba4 Nf6 5. O-O b5 6. Bb3 Bb7 7. c3 Be7 $6 (
7... Nxe4 {is the best move.}) 8. d4 d6 9. Re1 {The position looks normal, but
it is in fact quite rare. White can play without the move h3 since there is no
threat of Bg4. This means that White will be one move ahead in many lines.} O-O
10. Nbd2 Nd7 11. Nf1 Na5 12. Bc2 c5 13. dxc5 {In the tradition of the once
great Bobby Fischer. He often prefered to exchange on c5 in similar positions.
The idea is to use d5 for the f1-N. In general though Black´s game is eased
whenever White declares his intentions in the centre.} dxc5 14. Ne3 $1 {
[%cal Ye3d5]} (14. Ng3 {is less to the point} g6 $13 {0-1 Cereceres,C-Montero
Gonzalez,P/Mexico 2001/EXT 2002 (35). (35)}) 14... Qc7 (14... c4 $5 {[%cal
Yd7c5,Yc5d3]}) 15. Qe2 Nb6 16. b3 Rfe8 (16... c4 17. b4 Nc6 18. Nd5 $36) 17. c4
$5 {Now Black gets the d4-square in exchange for the d5-post, but White has
better pieces in the position that follows after the exchanges.} bxc4 18. bxc4
Bf8 19. Bd2 Nc6 20. Nd5 Nxd5 21. cxd5 (21. exd5 Nd4 22. Nxd4 cxd4 23. Qd3 g6
24. Ba4 Reb8) 21... Nd4 22. Nxd4 exd4 $6 (22... cxd4 $142 {White´s advantage
is not much here.}) 23. Bb3 Bd6 24. g3 a5 25. Bc4 f5 $2 26. e5 $1 $16 Qf7 (
26... Rxe5 $4 27. Qxe5 Bxe5 28. d6+ $18) 27. e6 Qe7 28. Rab1 a4 29. Rb6 Ra7 $2
30. Rxd6 $1 $18 Qxd6 31. Bf4 Qb6 32. d6 Qc6 33. f3 1-0

[Event "Bermuda-A"]
[Site "Bermuda"]
[Date "2003.02.05"]
[Round "11"]
[White "Movsesian, Sergei"]
[Black "Svidler, Peter"]
[Result "1/2-1/2"]
[WhiteElo "2663"]
[BlackElo "2693"]
[Annotator "Wedberg,T"]
[PlyCount "50"]
[EventDate "2003.01.25"]
[EventType "tourn"]
[EventRounds "11"]
[EventCountry "BER"]
[EventCategory "15"]
[SourceTitle "CBM 094"]
[Source "ChessBase"]
[SourceDate "2003.05.26"]
[SourceVersion "1"]
[SourceVersionDate "2003.05.26"]
[SourceQuality "1"]

1. e4 e5 2. Nf3 Nc6 3. Bb5 a6 4. Ba4 Nf6 5. O-O Be7 6. Re1 b5 7. Bb3 O-O 8. c3
d6 9. d4 Bg4 10. d5 Na5 11. Bc2 c6 12. h3 Bc8 13. dxc6 Qc7 14. Nbd2 Qxc6 15.
Nf1 Nc4 16. Ng3 Re8 17. Qe2 h6 18. Bd3 Be6 19. Nh2 d5 $1 $146 {[%mdl 8] White
seems to have nothing after this. If a well timed d5 solves Black's problems
this easily 9.d4 shouldn't scare anyone.} (19... Rad8 20. a4 d5 21. axb5 axb5
22. Ng4 Nxe4 23. Nxe4 dxe4 24. Bxe4 Bd5 25. Bxd5 Qxd5 26. b3 Nd6 27. Qxe5 $16 {
1/2-1/2 Movsesian,S-Nunn,J/Hastings 1996/CBM 57/[Wedberg] (67). (66)}) 20. Ng4
Nxg4 21. hxg4 (21. exd5 $5 Bxd5 (21... Qxd5 22. Be4 $14) 22. Qxg4 {with some
activity on the K side.}) 21... Nd6 22. Bd2 dxe4 23. Nxe4 Bd5 24. Nxd6 Bxd6 25.
Be4 Rad8 1/2-1/2

[Event "Olympiad-36"]
[Site "Mallorca"]
[Date "2004.10.28"]
[Round "13"]
[White "Svidler, Peter"]
[Black "Bruzon Batista, Lazaro"]
[Result "1-0"]
[WhiteElo "2735"]
[BlackElo "2637"]
[Annotator "Wedberg,T"]
[PlyCount "121"]
[EventDate "2004.10.15"]
[EventType "team-swiss"]
[EventRounds "14"]
[EventCountry "ESP"]
[SourceTitle "CBM 104"]
[Source "ChessBase"]
[SourceDate "2005.01.27"]
[SourceVersion "1"]
[SourceVersionDate "2005.01.27"]
[SourceQuality "1"]
[WhiteTeam "Russia"]
[BlackTeam "Cuba"]
[WhiteTeamCountry "RUS"]
[BlackTeamCountry "CUB"]

1. e4 e5 2. Nf3 Nc6 3. Bb5 a6 4. Ba4 Nf6 5. O-O Be7 6. Re1 b5 7. Bb3 d6 8. c3
O-O 9. d4 Bg4 10. d5 Na5 11. Bc2 Qc8 12. Nbd2 c6 13. b4 Nc4 14. Nxc4 bxc4 15.
h3 Bd7 16. dxc6 Qxc6 17. a4 Rfe8 18. Bg5 h6 19. Bxf6 $5 $146 {[%mdl 8]} (19.
Bh4 Rad8 20. Qe2 Be6 21. a5 Qc7 22. Ba4 Rf8 23. Bg3 Nh5 24. Bh2 g6 25. Bc2 Bf6
26. Qe3 Nf4 $132 {0-1 Efimenko,Z-Onischuk,A/Chalkidiki 2002/CBM 092 (64)})
19... Bxf6 20. a5 Rad8 21. Ba4 Qb7 22. Nd2 d5 23. exd5 Qxd5 (23... Bxa4 24.
Qxa4 Qxd5 25. Ne4 Be7 26. Rad1 Qe6 27. b5 $14) 24. Bxd7 Qxd7 (24... Rxd7 25.
Nxc4 $1) 25. Nxc4 Qe6 26. Qg4 e4 27. Qxe6 Rxe6 28. Rac1 Rc8 29. Nb6 Rxc3 30.
Nd5 Rxc1 31. Rxc1 {This ending is delicate. The B is often better than the N
in this type of P-position, but here White has the initiative and the N is
placed on an optimal square. Black must play well to defend this.} Bg5 32. Rc8+
Kh7 33. Kf1 Rd6 34. Rc5 $1 {[%csl Gd5] The N is a monster on d5.} Bf6 (34...
Bd8 35. Ke2 f5 36. g4 g6 37. gxf5 gxf5 38. Ne3 $16) 35. Nxf6+ {The R-ending is
also in Whites favour. The old saying that all R-endings are drawn is not true.
} gxf6 (35... Rxf6 36. Re5 $16) 36. Ke2 Rd4 37. b5 axb5 38. Rxb5 Kg6 39. Ke3
Ra4 40. g4 {The isolated e-P is a real headache for Black.} Kg7 41. h4 Kg6 42.
h5+ Kg7 43. Rf5 Rc4 44. Rd5 Ra4 45. Kf4 Kf8 46. Kf5 Ke7 47. Rb5 Ra2 48. Kxe4
Rxf2 49. a6 Ra2 50. Rb7+ Kf8 51. a7 Kg7 52. Kd5 $18 f5 53. gxf5 Kf6 54. Kc6
Kxf5 55. Rxf7+ Kg4 56. Kb7 Kxh5 57. a8=Q Rxa8 58. Kxa8 Kg4 59. Rg7+ Kf4 60. Rh7
Kg5 61. Kb7 {The K is too fast.} 1-0

[Event "EU-chT (Men) 11th"]
[Site "Pula"]
[Date "1997.05.??"]
[Round "8.2"]
[White "Movsesian, Sergei"]
[Black "Sokolov, Ivan"]
[Result "0-1"]
[WhiteElo "2630"]
[BlackElo "2615"]
[Annotator "Wedberg,T"]
[PlyCount "100"]
[EventDate "1997.05.05"]
[EventType "team-swiss"]
[EventRounds "9"]
[EventCountry "CRO"]
[SourceTitle "CBM 057 Extra"]
[Source "ChessBase"]
[SourceDate "1997.05.01"]
[SourceVersion "1"]
[SourceVersionDate "1997.05.01"]
[SourceQuality "1"]
[WhiteTeam "Czech Republic"]
[BlackTeam "Bosnia&Herzegovina"]
[WhiteTeamCountry "CZE"]
[BlackTeamCountry "BIH"]

{Sokolov comes up with a strong novelty in a line that has been somewhat
problematic for Black before.} 1. e4 {Hansen,LB} e5 2. Nf3 Nc6 3. Bb5 a6 4. Ba4
Nf6 5. O-O Be7 6. Re1 b5 7. Bb3 O-O 8. d4 d6 9. c3 Bg4 10. d5 Na5 11. Bc2 Qc8 (
11... c6 {Hansen,LB}) (11... c5 $5 {Hansen,LB}) 12. h3 Bd7 13. Nbd2 c6 14. b4
Nb7 (14... Nc4 {Hansen,LB} 15. Nxc4 bxc4 $13 {Movsesian,S - Hansen,LB/2.BL/
1995-96/}) 15. dxc6 Qxc6 16. Bb2 Nd8 {A strong N-manouver. The move h2-h3 has
left White with a weak square on f4. It is no longer so easy to dislodge a N
from f4 by g2-g3.} 17. Bd3 Ne6 18. c4 (18. g3 Bd8 (18... Rfe8 19. Rc1 Rac8 20.
Qe2 Nf8 21. Kh2 Ng6 22. c4 Qb7 23. a3 Bc6 24. Nb1 Rb8 25. Nc3 $14 {Gurin,
V-Rajskij,E/URS-chT 1988/TD 88\11/0-1 (52)}) 19. c4 Bb6 20. c5 dxc5 21. Nxe5
Qc7 22. Rc1 Qa7 $13 {0-1 Mukhametov,E-Smagin,S/JUG-chT Cetinje 1992/EXT 92ch 
(37)}) 18... Nf4 $5 $146 {The N is not easy to drive away from f4.} (18... Qb7
19. a3 Bd8 20. c5 dxc5 21. Bxe5 Re8 22. Bd6 c4 23. Bc2 Be7 24. e5 Bxd6 25. exf6
Bf8 26. Ne5 $16 {1-0 Nijboer,F-Hebden,M/Linares zt 1995/CBM 51 (43)}) 19. Bf1
Qb6 20. c5 $6 {White follows the ideas from some previous games, but this
tactical thrust is not as effective here. This leads to a position, where
Black's two bishops will give him the initiative.} (20. a3 {just playing it
safely and keeping the tension might be best.}) (20. Re3 bxc4 $2 (20... Qa7 $1
{Hellers} 21. Kh2 Bd8 22. c5 (22. g3 Ne6 23. Kg2 Bb6 24. Re2 Bc6 $132) 22...
dxc5 23. Bxe5 Bc7 $13) 21. Nxc4 Qxb4 22. Ba3 $16) (20. Rc1 {Hansen,LB}) 20...
dxc5 21. Bxe5 Ng6 22. Bxf6 (22. bxc5 {Hansen,LB} Bxc5 23. Bg3 Nh5 $17) 22...
Bxf6 {The pair of B:s is a strong force in this open position.} 23. bxc5 Qxc5
24. e5 Be7 $17 (24... Nxe5 $6 25. Nxe5 Bxe5 26. Nb3 Qc7 27. Rxe5 Qxe5 28. Qxd7
$14) 25. Nb3 Qa7 26. Nbd4 Bc5 {^^} 27. Qd2 Rad8 28. Qb2 Qb6 29. Rad1 Bc8 30.
Nb3 Bb4 31. Rxd8 Rxd8 32. Re4 Be7 33. Nfd4 Bb7 34. Re1 Nf4 35. Re3 Bf8 36. Rg3
g6 37. Rg4 Ne6 38. Nxe6 Qxe6 39. a4 Rd1 $18 {>< <-> 1} 40. Qc2 Re1 41. axb5
axb5 42. Nd4 Qxe5 43. Qd2 b4 44. Rg5 Qe8 45. Ra5 Rb1 46. Ra7 Qe4 47. Nf3 b3 48.
Qd7 Bd5 49. Ra4 Qd3 50. Kh2 Rxf1 0-1

[Event "Ter Apel"]
[Site "Ter Apel"]
[Date "1996.??.??"]
[Round "2"]
[White "Nijboer, Friso"]
[Black "Nikolic, Predrag"]
[Result "1-0"]
[WhiteElo "2475"]
[BlackElo "2645"]
[Annotator "Wedberg,T"]
[PlyCount "81"]
[EventDate "1996.03.??"]
[EventType "tourn"]
[EventRounds "5"]
[EventCountry "NED"]
[EventCategory "15"]
[SourceTitle "CBM 053"]
[Source "ChessBase"]
[SourceDate "1996.08.01"]
[SourceVersion "1"]
[SourceVersionDate "1996.08.01"]
[SourceQuality "1"]

1. e4 {Nijboer} e5 2. Nf3 Nc6 3. Bb5 a6 4. Ba4 Nf6 5. O-O Be7 6. Re1 b5 7. Bb3
O-O 8. d4 d6 9. c3 Bg4 10. d5 Na5 11. Bc2 c6 12. h3 Bxf3 13. Qxf3 cxd5 14. exd5
Nc4 15. Nd2 Nb6 16. Nf1 Qc7 (16... Nbxd5 17. Ng3 g6 (17... Nc7 18. Nf5 (18. a4
bxa4 19. Bxa4 Rb8 20. b4 Nfe8 21. Be3 Nb5 22. Bc2 Rc8 23. Rxa6 Rxc3 $13 {
1-0 Romanishin,O-Geller,E/USSR (ch) 20/324 1975 (39)}) 18... Ne6 19. a4 b4 (
19... Rb8 20. axb5 axb5 21. Ra7 $36) (19... bxa4 20. Rxa4 (20. Bxa4 g6 21.
Nxe7+ Qxe7 22. Bc6 Rab8 23. Rxa6 e4 24. Qe2 Nc5 25. Ra3 Rfc8 $132 {0-1
Shamkovich,L-Djuric,S/Toronto 36/420 1983 (46)}) 20... g6 21. Nxe7+ Qxe7 22.
Bh6 Rfc8 23. Rea1 d5 24. Rxa6 Rxa6 25. Rxa6 $14 {1/2-1/2 Gufeld,
E-Gavashelishvili/USSR 23/303 1977 (52)}) 20. Qb7 (20. cxb4 g6 21. Qg3 (21.
Nxe7+ Qxe7 $13 {Ansell-Wells/British Ch/1990}) 21... Kh8 22. Nxe7 Qxe7 23. Bd3
Nh5 24. Qf3 f5 $13 {0-1 Nevostrujev,V-Ibragimov,I/St.Petersburg op (05) ;EXP
43 1994 (31)}) 20... Re8 21. Qxb4 Bf8 22. a5 (22. Qh4 a5 23. Bd2 Kh8 24. Rad1
Nd7 25. Qxd8 Rexd8 {1/2-1/2 Carton,P-Karkanaque,I/Novi Sad olm (05) IRL-ALB ;
TD 90\06 1990}) 22... Rb8 23. Qh4 g6 24. Nh6+ Bxh6 25. Qxh6 Qc7 $10 {1/2-1/2
Kurajica,B-Smejkal,J/Titovo Uzice 26/307 1978 (38)}) (17... Re8 18. Nf5 Bf8 19.
Bg5 h6 20. Bd2 Qd7 21. Rad1 $16 {1-0 Gufeld,E-Klovan,Y/USSR 27/306 1979 (42)})
18. Bh6 Re8 19. a4 (19. Rad1 Nc7 20. Nf5 Ne6 21. Rxe5 gxf5 22. Rxe6 fxe6 23.
Qg3+ Ng4 24. hxg4 Bh4 25. Qf4 fxg4 26. Qxg4+ {1-0 Hracek,Z-Kosashvili,Y/EU-chJ
U20 Arnhem ;TD 89\08 1989}) 19... Nc7 20. Rad1 Ne6 21. Rxe5 dxe5 22. Rxd8 Raxd8
23. axb5 axb5 24. Qe2 Bf8 25. Bxf8 Nxf8 26. Qxb5 Rb8 $10 {1/2-1/2 Nemec,
P-Gazik,I/CSR-chT ;TD 92\10 1992 (44)}) (16... g6 17. Bh6 Re8 18. Ne3 Kh8 19.
Ng4 Nxg4 20. hxg4 Kg8 21. a4 $14 {1/2-1/2 Beliavsky,A-Ljubojevic,L/Linares ;
CBM 06 1988 (41)}) (16... Ne8 17. Ng3 (17. g4 g6 18. Bh6 Ng7 19. Ng3 Rc8 $13 {
Larsson,P-Ibragimov,I/EUCup/1994/0:1/31/}) 17... g6 18. Bh6 Ng7 19. a4 f5 20.
axb5 axb5 21. Qe2 $14 {Tsuboi,E-Hsu Li Yang/Manila olm ;TD 92\02 1992/1/2-1/2 
(52)}) (16... Rc8 17. Ng3 g6 18. Bh6 Re8 19. Rad1 Rc5 20. Bb3 $13 {Nevostrujev,
V-Maksyutov,E/RUS-ch/1992/1:0/50/}) 17. a4 $5 $146 (17. Ne3 g6 18. Bd2 Nfd7 19.
g4 Bg5 20. Rad1 Qd8 21. Kg2 Qf6 22. Rh1 Qxf3+ 23. Kxf3 Bf4 24. h4 $14 {1-0
Adams,M-Psakhis,L/Palma GMA-op (04) ;TD 89\13 1989 (44)}) (17. Ng3 g6 18. Bh6
Rfc8 19. Rad1) 17... bxa4 (17... b4 18. a5 $1 Nbxd5 $2 (18... Nbd7 $142) (18...
bxc3 19. axb6 cxb2 20. Rb1 $1 Qxc2 21. Rxb2 Qa4 22. Be3 {/\ 23.b7, 24.Ba7+-})
19. Bb3 Qc5 20. c4 Nc7 21. Be3 {+-}) (17... g6) (17... Rfc8) 18. Ne3 $14 g6 19.
Bxa4 Nxa4 20. Rxa4 {[%csl Ra6]} Qd7 (20... Nd7 21. Nf5 (21. Rc4 $142 {Nijboer}
Qb7 22. Nf5 $5) 21... gxf5 (21... Bf6 $142 {Nijboer}) 22. Bh6 Kh8 23. Bxf8 Nxf8
24. Qxf5 Qd7 25. Qxd7 Nxd7 26. Rea1 $16) (20... Rfb8 $5) 21. Ra3 Rfb8 22. b4
Qc8 23. Bd2 a5 $6 24. bxa5 Rb2 25. Rd1 Nd7 (25... Qc5 26. Raa1) 26. c4 Nc5 27.
Bc3 Rb3 $2 (27... Rbb8 $142) 28. Rxb3 Nxb3 29. Ng4 $40 Qxc4 (29... f5 30. Nxe5
$1 dxe5 31. d6 Bf6 32. Bxe5 $1 Bxe5 33. Qd5+ Kf8 34. Qxe5 {+-}) 30. Bxe5 dxe5 (
30... f5 31. Nh6+ Kf8 32. Nxf5 gxf5 33. Qxf5+ Ke8 34. Bxd6 Bxd6 (34... Qe2 35.
Qb1 $1 {+-}) 35. Re1+ Kd8 36. Qf6+ Kc7 37. Qf7+ {+-}) 31. Nxe5 {+-} Qc2 32. d6
Bf8 33. d7 Nd2 34. Qxf7+ Kh8 35. Qf6+ Kg8 36. Qf7+ Kh8 37. Qf6+ Kg8 38. Re1 Qc7
39. Qf7+ Kh8 40. Qe8 Qxa5 41. Nc6 (41. d8=Q $6 Nf3+ 42. gxf3 Qxe1+ 43. Kg2 Rxd8
44. Nxg6+ hxg6 45. Qxe1) 1-0

[Event "Reggio Emilia 9798 40th"]
[Site "Reggio Emilia"]
[Date "1998.01.05"]
[Round "10"]
[White "Yudasin, Leonid"]
[Black "Tatai, Stefano"]
[Result "1-0"]
[WhiteElo "2610"]
[BlackElo "2385"]
[Annotator "Wedberg,T"]
[PlyCount "67"]
[EventDate "1997.12.26"]
[EventType "tourn"]
[EventRounds "11"]
[EventCountry "ITA"]
[EventCategory "10"]
[SourceTitle "CBM 063"]
[Source "ChessBase"]
[SourceDate "1998.03.26"]
[SourceVersion "1"]
[SourceVersionDate "1998.03.26"]
[SourceQuality "1"]

{Two N-sacrifices sends Black tumbling down the stairs.} 1. e4 e5 2. Nf3 Nc6 3.
Bb5 a6 4. Ba4 Nf6 5. O-O Be7 6. Re1 b5 7. Bb3 d6 8. c3 O-O 9. d4 Bg4 10. d5 Na5
11. Bc2 c6 12. h3 Bc8 13. dxc6 Qc7 14. Nbd2 Qxc6 15. Nf1 Nc4 16. Ng3 g6 17. a4
Bb7 18. Bd3 (18. Qe2 Rfc8 19. axb5 axb5 20. Rxa8 Rxa8 21. Bd3 Bc8 (21... Ra2
22. Bb1 Ra1 23. Bd3 Ra2 24. Bb1 Ra1 25. Bd3 {1/2-1/2 Ciocaltea,V-Gligoric,S/
EU-chT Moscow 1977/EU-chT}) 22. b3 Na5 23. b4 Nc4 $11 {1-0 Sutovskij,E-Gabriel,
C/Bad Homburg 1997/CBM 60/[Wedberg] (40)}) 18... Nb6 $6 (18... Rfc8) 19. Bh6
Rfd8 20. axb5 axb5 21. Qe2 $14 b4 (21... Nc4 $142 22. b3 Na5 $132) 22. cxb4 $16
Rxa1 23. Rxa1 d5 $2 {This break backfires, because it opens the game aginst
the black K. Slow defence was better.} 24. Nxe5 Qd6 25. Nxf7 $1 Kxf7 26. e5
Qxb4 27. exf6 Bxf6 28. Bd2 Qd6 (28... Qxb2 $4 29. Rb1 Qd4 30. Be3 $18) 29. Qf3
Kg7 30. Nh5+ $1 (30. Nf5+ gxf5 31. Qxf5 Rh8 {is not as effective}) 30... gxh5 (
30... Kf7 31. Bb4 Qc6 32. Re1 $18) 31. Qxh5 Kf8 (31... Rh8 32. Bh6+ Kg8 33.
Qe8+ Qf8 34. Qxf8#) 32. Bh6+ Ke7 (32... Kg8 33. Bxh7+ $1 $18) (32... Bg7 33.
Qf5+ $18) 33. Re1+ Kd7 34. Qf5+ (34. Qf5+ Kc7 (34... Kc6 35. Re6 $18) 35. Bf4
$18) 1-0

[Event "Capablanca Memorial Premier 33rd"]
[Site "Havana"]
[Date "1998.05.09"]
[Round "3"]
[White "Herrera, Irisberto"]
[Black "Vazquez Igarza, Renier"]
[Result "1/2-1/2"]
[WhiteElo "2445"]
[BlackElo "2405"]
[Annotator "Wedberg,T"]
[PlyCount "110"]
[EventDate "1998.05.07"]
[EventType "tourn"]
[EventRounds "13"]
[EventCountry "CUB"]
[EventCategory "8"]
[SourceTitle "CBM 065"]
[Source "ChessBase"]
[SourceDate "1998.08.06"]
[SourceVersion "1"]
[SourceVersionDate "1998.08.06"]
[SourceQuality "1"]

1. e4 e5 2. Nf3 Nc6 3. Bb5 a6 4. Ba4 Nf6 5. O-O Be7 6. Re1 b5 7. Bb3 d6 8. c3
O-O 9. d4 Bg4 10. Be3 exd4 11. cxd4 Na5 12. Bc2 Nc4 13. Bc1 c5 14. b3 Na5 15.
Nbd2 Nd7 16. d5 Bf6 17. Rb1 Bc3 18. h3 Bh5 19. g4 Bg6 20. Re3 b4 21. Nf1 c4 22.
Rxc3 $5 $146 (22. Ng3 Bf6 23. Re2 cxb3 24. axb3 h6 25. Nd4 $14 {1-0 Gulko,
B-Unzicker,W/Tallinn 1977/MCD-r7 (34)}) 22... bxc3 23. b4 Nb7 $14 {The N on b7
is Whites main compensation for the exchange.} 24. Nd4 a5 25. a3 axb4 26. axb4
Qh4 27. Kg2 h5 28. Nf3 Qe7 29. Ng3 hxg4 30. hxg4 Ra2 31. Bg5 f6 32. Be3 Ne5 33.
Nd4 Qd7 34. Ne6 Re8 35. Nf5 Rxe6 (35... Nxg4 36. Qxg4 Bxf5 37. Qxf5 Rxc2 38.
Rh1 $40) 36. dxe6 Qxe6 37. Ra1 Rxa1 38. Qxa1 $16 Qf7 39. f3 Bxf5 40. exf5 Nd3
41. Qxc3 Qd5 42. Bb1 (42. Bxd3 cxd3 43. Kf2 $16) 42... Qb5 43. Bd2 d5 44. Bxd3
cxd3 45. Qc8+ Kh7 46. g5 fxg5 47. Qe6 Nd8 48. Qg6+ Kg8 49. Qxg5 Nf7 50. Qe7 Qc6
51. Kf2 Qc2 52. Ke1 Qb1+ 53. Kf2 Qc2 54. Ke1 Qb1+ 55. Kf2 Qc2 1/2-1/2

[Event "Bad Homburg"]
[Site "Bad Homburg"]
[Date "1996.??.??"]
[Round "3"]
[White "Polgar, Sofia"]
[Black "Slobodjan, Roman"]
[Result "1-0"]
[WhiteElo "2480"]
[BlackElo "2520"]
[Annotator "Wedberg,T"]
[PlyCount "95"]
[EventDate "1996.07.20"]
[EventType "tourn"]
[EventRounds "9"]
[EventCountry "GER"]
[EventCategory "12"]
[SourceTitle "CBM 055"]
[Source "ChessBase"]
[SourceDate "1996.12.01"]
[SourceVersion "1"]
[SourceVersionDate "1996.12.01"]
[SourceQuality "1"]

1. e4 e5 2. Nf3 Nc6 3. Bb5 a6 4. Ba4 Nf6 5. O-O Be7 6. Re1 b5 7. Bb3 O-O 8. d4
d6 9. c3 Bg4 10. Be3 exd4 11. cxd4 Na5 12. Bc2 Nc4 13. Bc1 c5 14. b3 Nb6 15.
Bb2 cxd4 16. Nbd2 (16. Bxd4 Nfd7 17. h3 Bxf3 18. Qxf3 Bf6 19. Bxf6 Qxf6 20.
Qxf6 Nxf6 21. Nd2 Rac8 22. Bd3 Rc3 23. Bf1 Rc2 24. Nf3 Re8 25. a4 $14 {Tolnai,
T-Nickl,K/Dortmund op (03) ;TD 87\03 1987/1-0 (62)}) 16... Nfd7 17. h3 Bh5 18.
g4 d3 19. Bxd3 Nc5 (19... Bg6 20. Nd4 Ne5 21. Bf1 Bg5 22. N2f3 Nxf3+ 23. Qxf3
Nd7 24. Nc6 Qb6 25. Nb4 Qb7 26. Nd5 $14 {Rios Parra,M-Egger,J/WchJ-U20
Santiago (10) ;EXT 90ch 1990/1/2-1/2 (83)}) 20. Bc2 Bg6 21. Nd4 Qd7 22. f4 f6
23. N2f3 Rfe8 (23... d5 $5 24. e5 Bxc2 25. Qxc2 Rac8 $132) 24. Nf5 Bf8 25. Qd4
Qa7 26. Kh1 Rac8 27. Rac1 $14 Qb7 28. Kh2 Ne6 29. Qd2 Nc5 30. Qd4 Ne6 31. Qe3
Nc5 (31... d5 $5 32. e5 Nd7 $132) 32. Ng3 Nbd7 $2 (32... d5 $5) 33. b4 $1 $16
Na4 34. Bb3+ Bf7 35. Bxf7+ Kxf7 36. Qb3+ d5 37. Rxc8 Rxc8 38. e5 $1 $40 fxe5
39. fxe5 Kg8 40. e6 Nf6 41. g5 $2 (41. Bxf6 gxf6 42. Nf5 Rc3 43. e7 $1 Rxb3 44.
e8=Q Rxf3 (44... Qc7+ 45. Kg2 Rb2+ (45... Rxf3 46. Kxf3 Qc3+ 47. Re3 $18) 46.
Kh1 $18) 45. Re7 $18) 41... Ne8 $2 (41... Ne4 $1 42. Nxe4 Nxb2 $1 43. Ng3 (43.
Qxb2 dxe4 44. Ne5 Qd5 $17) 43... Nc4 $13) 42. Be5 Rc4 43. a3 Qb6 44. Nd4 Nc3 (
44... Rxd4 45. Bxd4 Qxd4 46. Qf3 Nd6 47. e7 $18) 45. Qb2 $1 Bd6 46. Qf2 $40 Rc7
47. Rf1 $18 Nf6 48. Bxd6 1-0

[Event "Pamplona 0102"]
[Site "Pamplona"]
[Date "2002.01.05"]
[Round "9"]
[White "Fressinet, Laurent"]
[Black "Moreno Carnero, Javier"]
[Result "1-0"]
[WhiteElo "2588"]
[BlackElo "2514"]
[Annotator "Wedberg,T"]
[PlyCount "73"]
[EventDate "2001.12.27"]
[EventType "tourn"]
[EventRounds "9"]
[EventCountry "ESP"]
[EventCategory "14"]
[SourceTitle "CBM 087"]
[Source "ChessBase"]
[SourceDate "2002.03.21"]
[SourceVersion "1"]
[SourceVersionDate "2002.03.21"]
[SourceQuality "1"]

1. e4 e5 2. Nf3 Nc6 3. Bb5 a6 4. Ba4 Nf6 5. O-O Be7 6. Re1 b5 7. Bb3 d6 8. c3
O-O 9. d4 Bg4 10. d5 Na5 11. Bc2 Qc8 12. Nbd2 c6 {White has made a clear claim
in the centre with d5, but contrary to to classical lines where Black has
played c5, Black has the possibility to challenge the P wedge with c6.} 13. b4
Nc4 $146 (13... cxd5 14. bxa5 Qxc3 15. Rb1 Rac8 16. Bb3 dxe4 17. Nxe4 Nxe4 18.
Rxe4 Bf5 19. Re3 $14 {1-0 Ehlvest,J-Magerramov,E/Dubai 2001/CBM 83/[Wedberg] 
(40)}) (13... Nb7 14. c4 Bxf3 15. gxf3 $13 {1-0 Schneider,L-Wiedenkeller,M/
Sundsvall 1989/EXT 97 (68)}) 14. Nxc4 bxc4 15. dxc6 Qxc6 16. a4 Rfd8 17. h3 Be6
18. Qe2 h6 19. Bd2 Rac8 20. Rad1 Bf8 21. Nh2 {An interesting situation has
arisen. It's something of a standstill on the board. Any initiative from
either side is coupled with risks. But given time White can start organizing
something on the K-side.} a5 {Black decides to give White a protected passed P
in order to gain the c5 square.} 22. b5 Qb7 23. Nf1 Nd7 24. Be3 Nc5 25. Nd2 (
25. Bxc5 $5 Rxc5 26. Ne3 $14 {White is in control.}) 25... Nd3 {Again it´s
Black driving the game forward, this time with a P sac.} 26. Bxd3 cxd3 27. Qxd3
d5 $132 28. Nf1 $1 {[%mdl 256] Fressinet reads the situation well here. Black
has a number of active options, but the White position is basically sound and
can withstand quite a lot. Paramount for White is not to fall into a flat
defensive mode where he only thinks about keeping his slight material plus.}
Be7 (28... dxe4 $2 29. Qxd8 Rxd8 30. Rxd8 $18) 29. Ng3 (29. exd5 $2 Bxd5 $36 {
[%cal Yd5g2,Yd8d3]}) 29... dxe4 (29... d4 30. cxd4 Bb4 31. d5 $16) 30. Qxe4 Bd5
31. Qg4 $1 (31. Qxe5 Bf6 $36) 31... Rc4 32. Qe2 Rxa4 {Black is active, but
there is a lack of focus. White is excellently centralized and quickly takes
advantage of Blacks momentary disorganization.} (32... Rxc3 33. Bxh6 gxh6 34.
Qxe5 $18) (32... Rdc8 33. Bxh6 gxh6 34. Qxe5 Be6 35. Nh5 Bf8 36. Nf6+ Kh8 37.
Nh5+) 33. Bxh6 $1 {A bolt from the blue.} f6 (33... gxh6 34. Qxe5 Bf8 (34...
Bh4 35. Nh5 f6 36. Nxf6+ Bxf6 37. Qxf6 $18) 35. Nh5 Rd6 36. Rxd5 $18) 34. Nf5
Bxg2 (34... gxh6 35. c4 Rxc4 36. Rxd5 $1 $16) 35. Qh5 Rxd1 36. Rxd1 Bf8 $2 (
36... Be4 $142 37. Qe8+ Kh7 38. Qxe7 Qxe7 39. Nxe7 Kxh6) 37. Bxg7 $1 (37. Bxg7
Bxg7 38. Rd8+ Bf8 39. Qg6+ Kh8 40. Rxf8#) 1-0